000 00532cam a22001937a 4500
001 001387
003 armpunfd
005 20140612090638.0
008 040209e0####xx#a##########000#0#und#d
040 _aarmpunfd
_carmpunfd
080 _a347.416 G 852
100 1 0 _a Guaglianone, Aquiles Horacio
245 1 0 _aLa cesion del credito embargado
260 _a Uenos Aires : Abeledo- Perrot
_b1962. 61 P.
650 7 _a Cesion De Credito
_2LEMB
650 7 _a Embargo
_2LEMB
942 _cLB
_2cdu
945 _aCatalis
_d2010-08-19
999 _c1378
_d231882